Flags With Gravity #1 - Statistics

General Stats
  • This quiz has been taken 36,110 times
  • The average score is 12 of 16
Answer Stats
Picture Answer % Correct
Brazil
100%
China
98%
Israel
95%
New Zealand
92%
Saudi Arabia
92%
Kazakhstan
88%
Laos
79%
Algeria
78%
Papua New Guinea
75%
Zambia
68%
Federated States of Micronesia
66%
Maldives
66%
Mauritania
65%
Samoa
65%
Saint Vincent and the Grenadines
61%
East Timor
60%
No matching quizzes found
Score Distribution
Percent of People with Each Score
Percentile by Number Answered
Your Score History
You have not taken this quiz